[Event "BCF-chT3W 2223 (4NCL)"]
[Site "England"]
[Date "2023.01.14"]
[Round "3.22"]
[White "Girdlestone, Paul C"]
[Black "Baker, Chris W"]
[Result "1-0"]
[WhiteElo "2036"]
[BlackElo "2243"]
[PlyCount "51"]
[EventDate "2022.10.22"]
[EventType "team-tourn"]
[EventRounds "11"]
[EventCountry "ENG"]
[SourceTitle "EXT 2024"]
[Source "ChessBase"]
[SourceDate "2023.10.10"]
[SourceVersion "1"]
[SourceVersionDate "2023.10.10"]
[SourceQuality "1"]
[WhiteTeam "Brown Jack"]
[BlackTeam "Warwicks Select"]
[WhiteTeamCountry "ENG"]
[BlackTeamCountry "ENG"]

1. e4 e6 2. b3 d5 3. Bb2 Nf6 4. e5 Nfd7 5. f4 c5 6. Nf3 Nc6 7. Bd3 g6 8. h4 Bh6 9. h5 Nb4 10. hxg6 Nxd3+ 11. cxd3 hxg6 12. Nc3 Ke7 13. Qe2 Bxf4 14. 0-0-0 b6 15. Nxd5+ exd5 16. Rxh8 Qxh8 17. e6 Nf6 18. exf7+ Kxf7 19. g3 Bd6 20. Ng5+ Kg8 21. Rf1 Bg4 22. Qg2 Rf8 23. Rxf6 Rxf6 24. Qxd5+ Kg7 25. Qf7+ Kh6 26. Bxf6 1-0

[Event "BCF-chT2a 1920 (4NCL)"]
[Site "Daventry"]
[Date "2020.02.08"]
[Round "5.34"]
[White "Talsma, Paul"]
[Black "Girdlestone, Paul C"]
[Result "1-0"]
[WhiteElo "2163"]
[BlackElo "2008"]
[PlyCount "85"]
[EventDate "2020.01.11"]
[EventType "team-tourn"]
[EventRounds "11"]
[EventCountry "ENG"]
[SourceTitle "CBM 194 Extra"]
[Source "ChessBase"]
[SourceDate "2020.03.31"]
[SourceVersion "1"]
[SourceVersionDate "2020.03.31"]
[SourceQuality "1"]
[WhiteTeam "Anglian Avengers"]
[BlackTeam "Check Innmates"]
[WhiteTeamCountry "ENG"]
[BlackTeamCountry "ENG"]

1. d4 d5 2. c4 e6 3. Nc3 Nf6 4. Bg5 Be7 5. Nf3 0-0 6. Qc2 Nc6 7. e3 h6 8. Bh4 a6 9. cxd5 exd5 10. a3 Re8 11. h3 Ne4 12. Bxe7 Rxe7 13. Bd3 Nxc3 14. Qxc3 Qd6 15. Rc1 Qf6 16. b4 Bf5 17. Bxf5 Qxf5 18. 0-0 Rae8 19. a4 f6 20. b5 axb5 21. axb5 Nd8 22. Qc2 Qh5 23. Qa2 c6 24. Rc3 g5 25. Nh2 f5 26. Rfc1 g4 27. bxc6 bxc6 28. hxg4 fxg4 29. Nf1 Qg5 30. Ra3 h5 31. Ra7 h4 32. Rxe7 Qxe7 33. Rc3 Rf8 34. Qe2 Qe4 35. Nd2 Qg6 36. e4 Re8 37. Re3 Rf8 38. exd5 cxd5 39. Nf1 Kh7 40. Re7+ Kh6 41. Qe3+ Kh5 42. Qe5+ Qf5 43. Rh7+ 1-0

[Event "BCF-chT4S 1718 (4NCL)"]
[Site "England"]
[Date "2018.03.24"]
[Round "7.42"]
[White "Singleton, Michael Peter F"]
[Black "Girdlestone, Paul C"]
[Result "1-0"]
[WhiteElo "2085"]
[BlackElo "2053"]
[PlyCount "81"]
[EventDate "2017.11.11"]
[EventType "team-swiss"]
[EventRounds "11"]
[EventCountry "ENG"]
[SourceTitle "EXT 2020"]
[Source "ChessBase"]
[SourceDate "2019.10.17"]
[SourceVersion "1"]
[SourceVersionDate "2019.10.17"]
[SourceQuality "1"]
[WhiteTeam "Surbiton"]
[BlackTeam "Brown Jack II"]
[WhiteTeamCountry "ENG"]
[BlackTeamCountry "ENG"]

1. d4 Nf6 2. c4 e6 3. Nc3 Bb4 4. Nf3 b6 5. Bg5 Bb7 6. e3 h6 7. Bh4 c5 8. Bd3 cxd4 9. exd4 g5 10. Bg3 Ne4 11. Qc2 Nxg3 12. hxg3 g4 13. Ne5 Nc6 14. Nxc6 Bxc6 15. 0-0-0 Bxc3 16. Qxc3 Qf6 17. Bc2 Bxg2 18. Rh2 Bf3 19. Rd2 h5 20. Kb1 Rc8 21. Qd3 h4 22. Rxh4 Rxh4 23. gxh4 Qxh4 24. b3 d5 25. c5 bxc5 26. Qb5+ Kf8 27. dxc5 Qh1+ 28. Kb2 Qh8+ 29. Kc1 Qa1+ 30. Bb1 Qc3+ 31. Rc2 Qe1+ 32. Kb2 Bd1 33. Qd7 Re8 34. Qd6+ Kg7 35. Rc3 Qd2+ 36. Bc2 d4 37. Rc4 e5 38. c6 Be2 39. Rc5 Re6 40. Qd8 Ba6 41. c7 1-0

[Event "BCF-chT3Sa 1617 (4NCL)"]
[Site "England"]
[Date "2017.02.12"]
[Round "6.14"]
[White "Girdlestone, Paul C"]
[Black "Habershon, Paul F"]
[Result "0-1"]
[WhiteElo "2100"]
[BlackElo "2041"]
[PlyCount "68"]
[EventDate "2016.11.26"]
[EventType "team-tourn"]
[EventRounds "11"]
[EventCountry "ENG"]
[SourceTitle "EXT 2019"]
[Source "ChessBase"]
[SourceDate "2018.10.10"]
[SourceVersion "1"]
[SourceVersionDate "2018.10.10"]
[SourceQuality "1"]
[WhiteTeam "Brown Jack"]
[BlackTeam "MK Phoenix"]
[WhiteTeamCountry "ENG"]
[BlackTeamCountry "ENG"]

1. Nf3 Nf6 2. c4 b6 3. d4 e6 4. a3 d5 5. cxd5 exd5 6. Bg5 Be7 7. Nc3 0-0 8. e3 Bb7 9. Rc1 Nbd7 10. Qa4 c5 11. Bd3 Ne4 12. h4 f5 13. Bf4 Ndf6 14. Ng5 Nxg5 15. hxg5 Ne4 16. Ne2 c4 17. Bb1 Bxg5 18. f3 Bxf4 19. Nxf4 Ng5 20. Kf2 Qd6 21. Rh4 Ne6 22. Ne2 g6 23. Rch1 Rf7 24. Ke1 Bc6 25. Qc2 Re8 26. Kd1 Rfe7 27. g4 Ng5 28. gxf5 Rxe3 29. Nf4 Nxf3 30. Ne6 Qg3 31. Qd2 Nxd2 32. Rxh7 Ba4+ 33. Bc2 Bxc2+ 34. Kxc2 R8xe6 0-1

[Event "BCF-chT3Sa 1617 (4NCL)"]
[Site "England"]
[Date "2017.01.15"]
[Round "4.12"]
[White "Srebrnic, Ana"]
[Black "Girdlestone, Paul C"]
[Result "1-0"]
[WhiteElo "2181"]
[BlackElo "2100"]
[PlyCount "121"]
[EventDate "2016.11.26"]
[EventType "team-tourn"]
[EventRounds "11"]
[EventCountry "ENG"]
[SourceTitle "EXT 2019"]
[Source "ChessBase"]
[SourceDate "2018.10.10"]
[SourceVersion "1"]
[SourceVersionDate "2018.10.10"]
[SourceQuality "1"]
[WhiteTeam "Wood Green"]
[BlackTeam "Brown Jack"]
[WhiteTeamCountry "ENG"]
[BlackTeamCountry "ENG"]

1. Nf3 e6 2. c4 Nf6 3. Nc3 b6 4. g3 Bb7 5. Bg2 g5 6. 0-0 g4 7. Ne1 d5 8. d3 Be7 9. cxd5 exd5 10. Bf4 c6 11. Nc2 Qd7 12. e4 d4 13. Ne2 c5 14. b4 Nc6 15. bxc5 Bxc5 16. Bg5 Ng8 17. Nf4 Be7 18. Bxe7 Ncxe7 19. Nd5 Nxd5 20. exd5 Nf6 21. Re1+ Kf8 22. Qd2 h6 23. Qb4+ Kg7 24. Re7 Qc8 25. Qxd4 Re8 26. Rxe8 Qxe8 27. Ne3 Qd7 28. Be4 Rd8 29. Bf5 Qd6 30. Bxg4 Qc5 31. Nf5+ Kg6 32. Qf4 Nxg4 33. Qxg4+ Kf6 34. Qh4+ Kxf5 35. Qxd8 Bxd5 36. Re1 Qa5 37. Qe7 Be6 38. Re2 Qa4 39. Re1 Qxa2 40. Qd6 Qa5 41. Qf4+ Kg6 42. Qe5 Qd2 43. Qe3 Qb2 44. h4 Qb3 45. Qe4+ Kg7 46. Qd4+ Kh7 47. g4 a5 48. g5 hxg5 49. hxg5 Qb5 50. Qf6 Qf5 51. Qxf5+ Bxf5 52. Rb1 Kg6 53. f4 Bxd3 54. Rxb6+ Kg7 55. Rd6 Bc2 56. Kf2 a4 57. Ke3 Kf8 58. Kd4 Ke7 59. Ke5 Bb1 60. Ra6 Bc2 61. Ra7+ 1-0

[Event "BCF-chT2a 1516 (4NCL)"]
[Site "England"]
[Date "2016.01.24"]
[Round "4.247"]
[White "Girdlestone, Paul C"]
[Black "Smith, Graham M"]
[Result "1-0"]
[WhiteElo "2123"]
[BlackElo "2021"]
[PlyCount "65"]
[EventDate "2015.11.14"]
[EventType "team-tourn"]
[EventRounds "7"]
[EventCountry "ENG"]
[SourceTitle "CBM 170 Extra"]
[Source "ChessBase"]
[SourceDate "2016.02.25"]
[SourceVersion "1"]
[SourceVersionDate "2016.02.25"]
[SourceQuality "1"]
[WhiteTeam "Brown Jack Witney"]
[BlackTeam "MK Phoenix"]
[WhiteTeamCountry "ENG"]
[BlackTeamCountry "ENG"]

1. d4 Nc6 2. d5 Ne5 3. f4 Ng6 4. e4 e5 5. dxe6 fxe6 6. Bd3 Bc5 7. Qe2 N8e7 8. Nh3 Nc6 9. g3 Qe7 10. e5 Nf8 11. c3 d5 12. b4 Bb6 13. Ba3 Nd8 14. Rf1 Bd7 15. Nf2 a5 16. b5 Bc5 17. Bc1 b6 18. a4 Nb7 19. Nd2 0-0-0 20. Nb3 Be8 21. Bc2 Bg6 22. Nd3 Bxd3 23. Qxd3 Nd7 24. Nd4 Bxd4 25. cxd4 Qb4+ 26. Ke2 Qe7 27. Ba3 Qf7 28. Rac1 Qh5+ 29. Qf3 Qf7 30. Qc3 Nf8 31. f5 Qh5+ 32. Ke1 Qxh2 33. fxe6 1-0

[Event "BCF-chT2a 1516 (4NCL)"]
[Site "England"]
[Date "2016.01.23"]
[Round "3.243"]
[White "Granat, Russell"]
[Black "Girdlestone, Paul C"]
[Result "1/2-1/2"]
[WhiteElo "2203"]
[BlackElo "2123"]
[PlyCount "102"]
[EventDate "2015.11.14"]
[EventType "team-tourn"]
[EventRounds "7"]
[EventCountry "ENG"]
[SourceTitle "CBM 170 Extra"]
[Source "ChessBase"]
[SourceDate "2016.02.25"]
[SourceVersion "1"]
[SourceVersionDate "2016.02.25"]
[SourceQuality "1"]
[WhiteTeam "Guildford III"]
[BlackTeam "Brown Jack Witney"]
[WhiteTeamCountry "ENG"]
[BlackTeamCountry "ENG"]

1. e4 e5 2. Nf3 Nc6 3. Bb5 g6 4. c3 a6 5. Ba4 Bg7 6. 0-0 Nge7 7. d4 0-0 8. Nxe5 Nxe5 9. dxe5 b5 10. Bc2 Bxe5 11. f4 Bg7 12. Nd2 d5 13. f5 Qd6 14. fxg6 hxg6 15. exd5 Nxd5 16. Ne4 Qb6+ 17. Kh1 Ne3 18. Bxe3 Qxe3 19. Qe1 Qxe1 20. Raxe1 Be6 21. a3 Bc4 22. Rf2 f5 23. Nd2 Rfe8 24. Rb1 Ba2 25. Bb3+ Bxb3 26. Nxb3 Rad8 27. g3 Rd5 28. Kg2 c5 29. Kf1 Kf7 30. Nd2 Bh6 31. Nf3 Re4 32. Re1 Ke6 33. h3 Rd3 34. g4 Rxe1+ 35. Kxe1 fxg4 36. hxg4 Re3+ 37. Kd1 Bg7 38. Nh4 Rg3 39. Nxg6 Rxg4 40. Nf4+ Kd6 41. Rd2+ Kc6 42. Rg2 Rxg2 43. Nxg2 Bh6 44. Ne1 Kd5 45. Kc2 c4 46. Kd1 Ke4 47. Nc2 a5 48. Nd4 b4 49. Nc6 bxa3 50. bxa3 a4 51. Kc2 Bf8 1/2-1/2

[Event "BCF-chT2a 1516 (4NCL)"]
[Site "England"]
[Date "2015.11.15"]
[Round "2.237"]
[White "Way, Julian M"]
[Black "Girdlestone, Paul C"]
[Result "1/2-1/2"]
[WhiteElo "1987"]
[BlackElo "2120"]
[PlyCount "94"]
[EventDate "2015.11.14"]
[EventType "team-tourn"]
[EventRounds "7"]
[EventCountry "ENG"]
[SourceTitle "CBM 169 Extra"]
[Source "ChessBase"]
[SourceDate "2015.12.18"]
[SourceVersion "1"]
[SourceVersionDate "2015.12.18"]
[SourceQuality "1"]
[WhiteTeam "Celtic Tigers"]
[BlackTeam "Brown Jack Witney"]
[WhiteTeamCountry "ENG"]
[BlackTeamCountry "ENG"]

1. d4 Nf6 2. Nc3 d5 3. Bg5 Nbd7 4. e3 e6 5. a3 h6 6. Bh4 a6 7. Qd3 c5 8. 0-0-0 c4 9. Qe2 Qa5 10. Qe1 Qc7 11. Bg3 Qc6 12. Nf3 b5 13. Ne5 Nxe5 14. dxe5 Ne4 15. Nxe4 dxe4 16. Qc3 Bb7 17. Be2 Bc5 18. Kb1 0-0 19. Bf4 a5 20. Rd6 Bxd6 21. exd6 f6 22. a4 e5 23. axb5 Qxd6 24. Rd1 Qb4 25. Qxc4+ Qxc4 26. Bxc4+ Kh7 27. Bg3 Rfd8 28. Rf1 Rac8 29. Bb3 Rc5 30. f4 exf3 31. gxf3 Rxb5 32. e4 Ba6 33. Re1 Rb4 34. f4 exf4 35. Bxf4 Bb7 36. Bc7 Re8 37. e5 fxe5 38. Bxa5 Rg4 39. Bc3 e4 40. Ba4 Rf8 41. Bd7 Rg2 42. Be5 Rf3 43. Bg3 Kg6 44. b4 e3 45. b5 e2 46. Kc1 Kf6 47. Kd2 Ke7 1/2-1/2

[Event "BCF-chT2a 1516 (4NCL)"]
[Site "England"]
[Date "2015.11.14"]
[Round "1.226"]
[White "McCarthy, Kevin"]
[Black "Girdlestone, Paul C"]
[Result "0-1"]
[WhiteElo "2011"]
[BlackElo "2120"]
[PlyCount "74"]
[EventDate "2015.11.14"]
[EventType "team-tourn"]
[EventRounds "7"]
[EventCountry "ENG"]
[SourceTitle "CBM 169 Extra"]
[Source "ChessBase"]
[SourceDate "2015.12.18"]
[SourceVersion "1"]
[SourceVersionDate "2015.12.18"]
[SourceQuality "1"]
[WhiteTeam "Grantham Sharks II"]
[BlackTeam "Brown Jack Witney"]
[WhiteTeamCountry "ENG"]
[BlackTeamCountry "ENG"]

1. d4 Nf6 2. Nc3 d5 3. e4 Nxe4 4. Nxe4 dxe4 5. Bc4 Qd6 6. c3 Nc6 7. Ne2 Bg4 8. Qb3 0-0-0 9. Ng3 Na5 10. Qb5 Nxc4 11. Qxc4 e5 12. Nxe4 Qg6 13. d5 Bf5 14. Ng3 Bd3 15. Qa4 Bc5 16. Be3 Bxe3 17. fxe3 Qb6 18. Qg4+ Kb8 19. e4 Qxb2 20. Rd1 Qxc3+ 21. Rd2 Bb5 22. Qf3 Qxf3 23. gxf3 g6 24. Kf2 Rd6 25. Rb1 Ba6 26. Ke3 Rhd8 27. f4 f6 28. fxe5 fxe5 29. Rf2 c6 30. Rf7 cxd5 31. Re7 d4+ 32. Kd2 Rf6 33. Rxe5 Rf2+ 34. Ke1 Rxh2 35. Rd1 Rxa2 36. Rd5 Rxd5 37. exd5 Rg2 0-1

[Event "BCF-chT2d 1415 (4NCL) Demotion pool"]
[Site "England"]
[Date "2015.03.29"]
[Round "8.251"]
[White "Constantinou, Peter"]
[Black "Girdlestone, Paul C"]
[Result "1/2-1/2"]
[WhiteElo "2294"]
[BlackElo "2155"]
[PlyCount "39"]
[EventDate "2015.03.29"]
[EventType "team-tourn"]
[EventRounds "11"]
[EventCountry "ENG"]
[SourceTitle "EXT 2016"]
[Source "ChessBase"]
[SourceDate "2015.10.08"]
[SourceVersion "1"]
[SourceVersionDate "2015.10.08"]
[SourceQuality "1"]
[WhiteTeam "MK Phoenix"]
[BlackTeam "Brown Jack Witney"]
[WhiteTeamCountry "ENG"]
[BlackTeamCountry "ENG"]

1. Nf3 Nf6 2. d4 e6 3. Bg5 d5 4. e3 c5 5. c3 Qb6 6. Qb3 Ne4 7. Bf4 Bd6 8. dxc5 Qxc5 9. Bxd6 Nxd6 10. Bd3 Nd7 11. Nbd2 e5 12. e4 Nf6 13. Qc2 dxe4 14. Bxe4 0-0 15. 0-0 Re8 16. Rfe1 Nfxe4 17. Nxe4 Nxe4 18. Qxe4 f6 19. Nd4 Rd8 20. Nb3 1/2-1/2

[Event "BCF-chT2a 1415 (4NCL)"]
[Site "England"]
[Date "2015.03.28"]
[Round "7.212"]
[White "Ashton, Adam"]
[Black "Girdlestone, Paul C"]
[Result "1/2-1/2"]
[WhiteElo "2398"]
[BlackElo "2128"]
[PlyCount "84"]
[EventDate "2014.11.15"]
[EventType "team-tourn"]
[EventRounds "7"]
[EventCountry "ENG"]
[SourceTitle "EXT 2016"]
[Source "ChessBase"]
[SourceDate "2015.10.08"]
[SourceVersion "1"]
[SourceVersionDate "2015.10.08"]
[SourceQuality "1"]
[WhiteTeam "3CS Oldham"]
[BlackTeam "Brown Jack Witney"]
[WhiteTeamCountry "ENG"]
[BlackTeamCountry "ENG"]

1. c4 e5 2. g3 Nc6 3. Nc3 g6 4. Bg2 Bg7 5. d3 Nge7 6. e4 d6 7. Nge2 Bd7 8. Nd5 Nxd5 9. cxd5 Ne7 10. 0-0 c6 11. dxc6 Bxc6 12. d4 0-0 13. Be3 d5 14. dxe5 dxe4 15. Bc5 Re8 16. Nc3 Nf5 17. Qxd8 Raxd8 18. Bxa7 Bxe5 19. Rfd1 Bd4 20. Bxd4 Nxd4 21. a4 f5 22. b4 Nc2 23. Rxd8 Rxd8 24. Rb1 Rd3 25. b5 Rxc3 26. bxc6 bxc6 27. Rc1 Nd4 28. Rxc3 Ne2+ 29. Kf1 Nxc3 30. a5 Nb5 31. f3 exf3 32. Bxf3 Na7 33. Ke2 Kf7 34. Kd3 Ke6 35. Kc4 Kd6 36. h4 h6 37. Bg2 Nb5 38. a6 g5 39. hxg5 hxg5 40. Bh3 f4 41. gxf4 gxf4 42. Bg2 Na7 1/2-1/2

[Event "BCF-chT2a 1415 (4NCL)"]
[Site "England"]
[Date "2015.02.14"]
[Round "5.99"]
[White "Moore, Graham J"]
[Black "Girdlestone, Paul C"]
[Result "0-1"]
[WhiteElo "2088"]
[BlackElo "2128"]
[PlyCount "96"]
[EventDate "2014.11.15"]
[EventType "team-tourn"]
[EventRounds "7"]
[EventCountry "ENG"]
[SourceTitle "EXT 2016"]
[Source "ChessBase"]
[SourceDate "2015.10.08"]
[SourceVersion "1"]
[SourceVersionDate "2015.10.08"]
[SourceQuality "1"]
[WhiteTeam "Anglian Avengers"]
[BlackTeam "Brown Jack Witney"]
[WhiteTeamCountry "ENG"]
[BlackTeamCountry "ENG"]

1. e4 e5 2. f4 exf4 3. Bc4 d5 4. Bxd5 Qh4+ 5. Kf1 Nf6 6. Nf3 Qh6 7. Nc3 Bb4 8. Bb3 0-0 9. Ne2 Ng4 10. c3 Be7 11. Kg1 Nc6 12. h3 Nf6 13. d3 Nh5 14. g4 Qg6 15. Kf2 Ng3 16. Nxf4 Nxh1+ 17. Qxh1 Qd6 18. d4 Na5 19. Bc2 Be6 20. Qd1 Rad8 21. b3 g6 22. Qd2 b6 23. Qe3 Rfe8 24. Bb2 Bc8 25. Rg1 Bf8 26. g5 Bb7 27. h4 Nc6 28. h5 Ne7 29. Ne5 Bg7 30. Nc4 Qd7 31. Qg3 c5 32. Rd1 Qc7 33. d5 Nc8 34. hxg6 hxg6 35. Rh1 Nd6 36. Nd2 c4 37. Qh4 Qc5+ 38. Kg2 Qe3 39. Qh7+ Kf8 40. Nxg6+ fxg6 41. Rf1+ Nf5 42. Ba3+ Kf7 43. Nf3 Rxe4 44. Bxe4 Qxe4 45. Qh2 Qe2+ 46. Rf2 Ne3+ 47. Kg3 Nf1+ 48. Kh3 Bc8+ 0-1

[Event "BCF-chT2a 1415 (4NCL)"]
[Site "England"]
[Date "2015.01.11"]
[Round "4.99"]
[White "Povah, Nigel Edward"]
[Black "Girdlestone, Paul C"]
[Result "1-0"]
[WhiteElo "2310"]
[BlackElo "2128"]
[PlyCount "47"]
[EventDate "2014.11.15"]
[EventType "team-tourn"]
[EventRounds "7"]
[EventCountry "ENG"]
[SourceTitle "EXT 2016"]
[Source "ChessBase"]
[SourceDate "2015.10.08"]
[SourceVersion "1"]
[SourceVersionDate "2015.10.08"]
[SourceQuality "1"]
[WhiteTeam "Guildford III"]
[BlackTeam "Brown Jack Witney"]
[WhiteTeamCountry "ENG"]
[BlackTeamCountry "ENG"]

1. d4 Nf6 2. Bg5 Ne4 3. Bf4 d5 4. f3 Nf6 5. Nc3 e6 6. e4 Bb4 7. Bg5 Nc6 8. e5 h6 9. Be3 Ng8 10. Qd2 f5 11. 0-0-0 Bd7 12. a3 Ba5 13. g4 Nce7 14. Bd3 c6 15. Qg2 g6 16. Nge2 Qc7 17. b4 Bb6 18. h4 0-0-0 19. gxf5 exf5 20. Nf4 Rf8 21. Nce2 Rh7 22. Nxg6 Nxg6 23. Qxg6 Be8 24. Bxf5+ 1-0

[Event "4NCL-ch rapid"]
[Site "Daventry"]
[Date "2014.10.05"]
[Round "3.9"]
[White "Burrows, Martin P"]
[Black "Girdlestone, Paul C"]
[Result "0-1"]
[WhiteElo "2130"]
[BlackElo "2128"]
[PlyCount "52"]
[EventDate "2014.10.05"]
[EventType "swiss (rapid)"]
[EventRounds "7"]
[EventCountry "ENG"]
[SourceTitle "CBM 162 Extra"]
[Source "ChessBase"]
[SourceDate "2014.10.17"]
[SourceVersion "1"]
[SourceVersionDate "2014.10.17"]
[SourceQuality "1"]

1. e4 e5 2. Nf3 Nc6 3. Bb5 g6 4. c3 a6 5. Ba4 Bg7 6. d4 Nge7 7. 0-0 d6 8. Re1 0-0 9. Be3 exd4 10. cxd4 Bg4 11. Nc3 Bxf3 12. gxf3 d5 13. Bxc6 bxc6 14. Na4 f5 15. Bg5 fxe4 16. fxe4 h6 17. Bh4 Rf4 18. Bxe7 Qxe7 19. e5 Qh4 20. Qe2 Raf8 21. f3 Rxf3 22. Rf1 Qg4+ 23. Qg2 Qxd4+ 24. Kh1 Rxf1+ 25. Rxf1 Rxf1+ 26. Qxf1 Qxa4 0-1

[Event "GBR-ch 100th"]
[Site "Torquay"]
[Date "2013.08.09"]
[Round "11"]
[White "Girdlestone, Paul C"]
[Black "Eggleston, David"]
[Result "0-1"]
[WhiteElo "2155"]
[BlackElo "2363"]
[PlyCount "72"]
[EventDate "2013.07.29"]
[EventType "swiss"]
[EventRounds "11"]
[EventCountry "ENG"]
[SourceTitle "CBM 155 Extra"]
[Source "ChessBase"]
[SourceDate "2013.08.26"]
[SourceVersion "1"]
[SourceVersionDate "2013.08.26"]
[SourceQuality "1"]

1. d4 Nf6 2. c4 e6 3. Nf3 b6 4. a3 Bb7 5. Nc3 g6 6. Bg5 Bg7 7. e3 h6 8. Bh4 d6 9. Qc2 g5 10. Bg3 Nh5 11. d5 0-0 12. 0-0-0 Nd7 13. Be2 Ndf6 14. Nd4 Qd7 15. Bf3 Rab8 16. Qe2 Nxg3 17. hxg3 e5 18. Nc6 Rbe8 19. Ne4 Nxe4 20. Bxe4 f5 21. Bc2 Bxc6 22. dxc6 Qxc6 23. g4 e4 24. Rd5 fxg4 25. f3 gxf3 26. gxf3 Rxf3 27. Kb1 g4 28. Rh4 Qd7 29. Qg2 c6 30. Rdh5 Qe7 31. Rxg4 Qf6 32. Bd1 Kh8 33. Bxf3 exf3 34. Qf2 Rxe3 35. Qc2 Re1+ 36. Ka2 Re2 0-1

[Event "GBR-ch 100th"]
[Site "Torquay"]
[Date "2013.08.02"]
[Round "5"]
[White "Girdlestone, Paul C"]
[Black "Freeman, Richard"]
[Result "1/2-1/2"]
[WhiteElo "2155"]
[BlackElo "2030"]
[PlyCount "23"]
[EventDate "2013.07.29"]
[EventType "swiss"]
[EventRounds "11"]
[EventCountry "ENG"]
[SourceTitle "CBM 155 Extra"]
[Source "ChessBase"]
[SourceDate "2013.08.26"]
[SourceVersion "1"]
[SourceVersionDate "2013.08.26"]
[SourceQuality "1"]

1. e4 c5 2. b3 Nc6 3. Bb2 e5 4. Nf3 d6 5. Nc3 g6 6. Bc4 Bg7 7. Qe2 Bg4 8. Nd5 Nge7 9. h3 Bxf3 10. Qxf3 Nxd5 11. Bxd5 Qd7 12. Qg4 1/2-1/2

[Event "BCF-chT3 1213 (4NCL)"]
[Site "England"]
[Date "2013.03.24"]
[Round "8.95"]
[White "Granat, Russell"]
[Black "Girdlestone, Paul C"]
[Result "0-1"]
[WhiteElo "2218"]
[BlackElo "2166"]
[PlyCount "112"]
[EventDate "2012.11.03"]
[EventType "team-swiss"]
[EventRounds "11"]
[EventCountry "ENG"]
[SourceTitle "EXT 2014"]
[Source "ChessBase"]
[SourceDate "2013.11.20"]
[SourceVersion "1"]
[SourceVersionDate "2013.11.20"]
[SourceQuality "1"]
[WhiteTeam "Guildford III"]
[BlackTeam "Brown Jack"]
[WhiteTeamCountry "ENG"]
[BlackTeamCountry "ENG"]

1. e4 e5 2. Nf3 Nc6 3. Bb5 g6 4. c3 Bg7 5. d4 Qe7 6. d5 Nd8 7. b3 a6 8. Ba3 Qf6 9. Be2 d6 10. Nbd2 Ne7 11. c4 b6 12. Nf1 Bd7 13. Rc1 Nc8 14. Rc3 Nb7 15. Bc1 Qe7 16. h4 h5 17. Ng5 f6 18. Ne6 Bxe6 19. dxe6 Qxe6 20. g4 hxg4 21. Bxg4 f5 22. exf5 gxf5 23. Bh5+ Kd7 24. Rg3 Bf6 25. Bg5 Ne7 26. Ne3 c6 27. Be2 Rag8 28. Rhg1 Nc5 29. Bxf6 Rxg3 30. fxg3 Qxf6 31. b4 Ne6 32. Qa4 Nc7 33. b5 axb5 34. cxb5 Ra8 35. bxc6+ Nxc6 36. Qc2 e4 37. Kf2 Ra5 38. Rd1 Rc5 39. Nc4 Ke7 40. Qb1 Nb5 41. Nxd6 Nc3 42. Nc8+ Kf8 43. Nxb6 Nxb1 44. Nd7+ Ke7 45. Nxf6 Nc3 46. Ng8+ Kf8 47. Nf6 Nxd1+ 48. Bxd1 Ke7 49. Nh5 Rc1 50. Ba4 Kd6 51. Nf4 Ne5 52. Ke2 Rc3 53. Nh5 Nc4 54. Kf2 Ke5 55. Nf4 Rf3+ 56. Kg2 Ne3+ 0-1

[Event "BCF-chT3S 1213 (4NCL)"]
[Site "England"]
[Date "2013.02.23"]
[Round "5.76"]
[White "Hill, Alistair"]
[Black "Girdlestone, Paul C"]
[Result "1/2-1/2"]
[WhiteElo "2132"]
[BlackElo "2166"]
[PlyCount "70"]
[EventDate "2012.11.03"]
[EventType "team-swiss"]
[EventRounds "6"]
[EventCountry "ENG"]
[SourceTitle "EXT 2014"]
[Source "ChessBase"]
[SourceDate "2013.11.20"]
[SourceVersion "1"]
[SourceVersionDate "2013.11.20"]
[SourceQuality "1"]
[WhiteTeam "Cambridge II"]
[BlackTeam "Brown Jack"]
[WhiteTeamCountry "ENG"]
[BlackTeamCountry "ENG"]

1. e4 e5 2. Nf3 Nc6 3. d4 exd4 4. Nxd4 Nf6 5. Nxc6 bxc6 6. e5 Qe7 7. Qe2 Nd5 8. c4 Ba6 9. b3 Nb6 10. Bb2 Qe6 11. Nd2 Be7 12. g3 Rb8 13. Rc1 0-0 14. Bg2 Bb4 15. Bc3 Ba3 16. Ra1 Rfe8 17. Be4 Qh3 18. Qf1 Qxf1+ 19. Kxf1 c5 20. f4 d5 21. exd6 cxd6 22. Kf2 Bb7 23. Rhe1 d5 24. cxd5 Bxd5 25. Bxd5 Nxd5 26. Be5 Rbd8 27. Nc4 Bb4 28. Red1 f6 29. Bb2 Bc3 30. Rxd5 Bxb2 31. Rxd8 Rxd8 32. Re1 Bd4+ 33. Kf3 Kf7 34. h3 Rd7 35. g4 g6 1/2-1/2

[Event "BCF-chT3S 1213 (4NCL)"]
[Site "England"]
[Date "2013.01.12"]
[Round "3.57"]
[White "Girdlestone, Paul C"]
[Black "Bullen, Alex"]
[Result "1/2-1/2"]
[WhiteElo "2166"]
[BlackElo "1857"]
[PlyCount "96"]
[EventDate "2012.11.03"]
[EventType "team-swiss"]
[EventRounds "6"]
[EventCountry "ENG"]
[SourceTitle "EXT 2014"]
[Source "ChessBase"]
[SourceDate "2013.11.20"]
[SourceVersion "1"]
[SourceVersionDate "2013.11.20"]
[SourceQuality "1"]
[WhiteTeam "Brown Jack"]
[BlackTeam "Rhyfelwyr Essyllwg II"]
[WhiteTeamCountry "ENG"]
[BlackTeamCountry "ENG"]

1. e4 c6 2. b3 d5 3. Bb2 dxe4 4. Nc3 Nf6 5. Nge2 Bf5 6. Ng3 e6 7. Qe2 Bb4 8. 0-0-0 Bxc3 9. dxc3 Qa5 10. Kb1 Bg6 11. h4 h5 12. f3 exf3 13. gxf3 Nbd7 14. Ne4 Nxe4 15. fxe4 0-0-0 16. Bg2 Nf6 17. Rd4 Rd7 18. Ra4 Qb6 19. Bc1 a6 20. Bf4 Rhd8 21. Kb2 Qb5 22. Qf2 e5 23. c4 Qxa4 24. bxa4 exf4 25. Qxf4 Ng4 26. Bh3 f5 27. exf5 Rd4 28. Qg5 Bf7 29. Qxg7 Bxc4 30. Rg1 Be2 31. Bxg4 Bxg4 32. f6 Be6 33. Qe7 Bc4 34. Kc3 Bxa2 35. Rg7 R4d7 36. Qe5 Bf7 37. Qf5 Kb8 38. Qf4+ Kc8 39. Qf5 Kb8 40. Qf4+ Kc8 41. Rh7 Rd5 42. Qg3 R5d7 43. Qh3 Kc7 44. Qf5 Rf8 45. Qe5+ Kc8 46. Qf5 Kc7 47. Kb4 Rd4+ 48. Kc3 Rd7 1/2-1/2